Central Library OPAC University of Rajshahi

The naked truth and personal vision : (Record no. 62171)

MARC details
000 -LEADER
fixed length control field 00684nam a2200205 a 4500
001 - CONTROL NUMBER
control field 62171
003 - CONTROL NUMBER IDENTIFIER
rucl marc code BD-RjUL
005 - DATE AND TIME OF LATEST TRANSACTION
control field 20211209081042.0
008 - FIXED-LENGTH DATA ELEMENTS--GENERAL INFORMATION
fixed length control field 170123s1955 maua 000 0 eng d
035 ## - SYSTEM CONTROL NUMBER
System control number (BD-RjUL)62296
040 ## - CATALOGING SOURCE
Original cataloging agency BD-RjUL
Transcribing agency BD-RjUL
Modifying agency BD-RjUL
Language of cataloging eng
041 ## - LANGUAGE CODE
Language code of text/sound track or separate title eng
082 ## - DEWEY DECIMAL CLASSIFICATION NUMBER
Classification number 701.1
Edition number 23
Author mark and year HAN 1955
100 1# - MAIN ENTRY--PERSONAL NAME
Personal name Hayes, Bartlett H.,
Dates associated with a name 1904-
9 (RLIN) 184931
245 14 - TITLE STATEMENT
Title The naked truth and personal vision :
Remainder of title a discussion about the length of the artistic road /
Statement of responsibility, etc. Bartlett H Hayes
260 ## - PUBLICATION, DISTRIBUTION, ETC. (IMPRINT)
Place of publication, distribution, etc. Andover, Mass. :
Name of publisher, distributor, etc. Addison Gallery of American Art, Phillips Academy,
Date of publication, distribution, etc. 1955.
300 ## - PHYSICAL DESCRIPTION
Pagination 112 p. :
Illustrations ill. ;
Size 28 cm.
650 #0 - SUBJECT ADDED ENTRY--TOPICAL TERM
Topical term or geographic name as entry element Art
General subdivision Philosophy.
9 (RLIN) 184932
942 ## - ADDED ENTRY ELEMENTS (KOHA)
Source of classification or shelving scheme Dewey Decimal Classification
Koha item type Books
Holdings
Lost status Source of classification or shelving scheme Damaged status Not for loan Collection code Permanent Location Current Location Shelving location Date acquired Source of acquisition Cost, normal purchase price Total Checkouts Full call number Date last seen Copy number Koha item type
  Dewey Decimal Classification   Not For Loan Non-fiction Central Library, University of Rajshahi Central Library, University of Rajshahi Reading Room 03/06/1972 Paramount book cor. 3.75   701.1 HAN 1955 23/01/2017 C-1 Books